000 00402nam a22001697a 4500
005 20230606191447.0
008 230606b |||||||| |||| 00| 0 eng d
020 _a9780071006750
082 _a537.5
_bRYD-N
100 _aBrophy:James.J
245 _aBasic Electronics For Scientists
250 _a5th
260 _aIndia
_c2016
650 _aEngineering
700 _aJames J.Brophy
999 _c18618
_d18618